| 000 | 00972 am a2200301 a 4500 | ||
|---|---|---|---|
| 999 |
_c17999 _d17971 |
||
| 001 | 013211688 | ||
| 003 | OSt | ||
| 005 | 20190922120146.0 | ||
| 008 | 050601t2005 ne gr 001 0 eng d | ||
| 020 | _a9789067041966 | ||
| 020 | _a9067041963 | ||
| 020 | _a9789067042024 (pbk.) | ||
| 020 | _a9067042021 (pbk.) | ||
| 040 |
_aUk _beng _cUk |
||
| 082 | 0 | 4 |
_a345 _bWER _222 |
| 100 | 1 |
_aWerle, Gerhard _934997 |
|
| 245 | 1 | 0 |
_aPrinciples of international criminal law / _cby Gerhard Werle, in cooperation with Florian Jessberger ... [et al.] |
| 260 |
_aThe Hague, Netherlands : _bT. M. C. Asser Press, _cc.2005. |
||
| 300 |
_axxii, 485 p. ; _c25 cm. |
||
| 500 | _aIncludes appendix. | ||
| 500 | _aIncludes index. | ||
| 650 | 0 |
_aCriminal procedure (International law) _934998 _2BUEsh |
|
| 650 | 0 |
_aCriminal law _xInternational unification _934999 _2BUEsh |
|
| 651 | _2BUEsh | ||
| 653 | _cJanuary2014 | ||
| 700 | 1 |
_935000 _a Jessberger, Florian |
|
| 942 |
_2ddc _k341.77 WER |
||